Progressive Rules (Extremely Difficult) - Statistics

General Stats
  • This quiz has been taken 7 times
  • The average score is 2 of 10
Answer Stats
Hint Answer % Correct
1.) What is four plus eight multiplied by seven? *prime numbers in numerical order at the end of the answer* 602
100%
2.) What is the biggest desert in the world? *after every criteria, remove all of the vowels from your answer (including "y")* ntrctc3
50%
5.) What year was Jesus born (accurately averaged out)?*even numerical perfect squares in numerical order after countries* blv05trmp11
17%
6.) How many pentominoes are there?*all digits should be subtracted by 1 (0 turns to 9)* brzl301bm02
17%
3.) What is the most visited US National Park?*backwards us presidential order before primes (last names)* grtsmkmntnstrmp5
17%
4.) What is the non-metalic liquid on the Periodic Table? *alphabetical south american countries at the start* rgntnbrmnbdn7
17%
9.) Who led the Argonauts?*remove every even letter from the alphabet (a = 1, b = 2 ...)* cab4esgsk12
0%
8.) What is the 3rd smallest continent?*delete every third character* cabmbde5nghrcjkccmnntpq08
0%
7.) What type of words are "cleave", "clip", and "oversight" better known as?*add a new letter of the alphabet between every letter alphabetically (ignore the remove vowels rule)* cahblc0d5ecfngthrinjmkslbmsnho0p6
0%
10. Answer every question before this starting from the beginning.*This question is so difficult that it doesn't need criteria* g60ccgsmkmsm512cmsccsg29
0%
No matching quizzes found
Score Distribution
Percent of People with Each Score
Percentile by Number Answered
Your Score History
You have not taken this quiz